| 000 | 01049nam a22002055i 4500 | ||
|---|---|---|---|
| 001 | 162864 | ||
| 003 | ES-MaACL | ||
| 005 | 20230906212623.0 | ||
| 008 | 050706s1857 fr |||| | fre d | ||
| 040 |
_aCAM _bspa _cCAM |
||
| 100 | 1 |
_aRacan, Honorat de Bueil. _9131551 |
|
| 245 | 1 | 0 | _aOeuvres complètes de Racan. |
| 250 |
_aNouvelle éd. _brev. et ann. par M. Tenant de Latour, avec une notice biographique et littéraire par M. Antoine de Latour. |
||
| 260 |
_aA Paris : _bP. Jannet, _c1857 ( _fImprimé par Guiraudet et Jouaust) |
||
| 300 |
_a2 v. (LXXII, 360; 416 p.) ; _c17 cm. |
||
| 505 | 8 | _aContiene: t. I. Préface. Notice sur la vie et les ouvrages de Racan. Les bergeries. Odes. Stances. Sonnets. Epigrammes et chansons. Harangue prononcée en l'Académie le 9 juillet 1635. Mémoires pour la vie de Malherbe. Lettres. -- t. II. Les pseaumes. Cantiques, hymnes, etc | |
| 700 | 1 |
_aTenant de Latour, Jean Baptiste. _9133174 |
|
| 700 | 1 |
_aLatour, Antoine de ( _d1808-1881) _9128733 |
|
| 852 |
_aES-MaACL _jG-2328-29 _z-- Enc. tela grabada |
||
| 999 |
_c162864 _d162864 |
||